|
|
|
|
| LEADER |
02059cas a2200433 a 4500 |
| 001 |
c000291755 |
| 003 |
CARM |
| 005 |
20181105100333.0 |
| 008 |
870108d19681991xnaar s0 0eng d |
| 019 |
1 |
|
|a 4978335
|z 7941932
|5 LACONCORD2021
|
| 022 |
|
|
|a 0467-5320
|
| 035 |
|
|
|a (OCoLC)219872191
|5 LACONCORD2021
|
| 040 |
|
|
|a AIAC
|b eng
|c AIAC
|d AIAC
|
| 042 |
|
|
|a anuc
|
| 082 |
0 |
4 |
|a 363.62
|2 23
|
| 110 |
2 |
|
|a Electricity Commission of New South Wales
|
| 245 |
0 |
0 |
|a Annual report :
|b for the year ended 30 June ... /
|c the Electricity Commission of New South Wales.
|
| 246 |
3 |
6 |
|a Report for the year ended 30th June ...
|
| 260 |
|
|
|a [Sydney, N.S.W.] :
|b The Commission,
|c [1968]-1991.
|
| 300 |
|
|
|a v. :
|b ill. ;
|c 28 cm.
|
| 362 |
0 |
|
|a 1968-1991.
|
| 610 |
2 |
0 |
|a Electricity Commission of New South Wales
|v Periodicals.
|
| 650 |
|
0 |
|a Electric utilities
|z New South Wales
|v Periodicals.
|
| 780 |
0 |
0 |
|a Electricity Commission of New South Wales.
|t Report of the Electricity Commission of New South Wales
|
| 785 |
0 |
0 |
|a Pacific Power (N.S.W.).
|t Annual report
|x 1039-2327
|
| 852 |
8 |
|
|b CARM
|h A3:AE24C0
|i F06337
|p 0516128
|j 1968-1978
|f SE
|
| 852 |
8 |
|
|b CARM
|i F09599
|p 0481474
|j 1979-1984
|f SE
|
| 852 |
8 |
|
|b CARM
|i C13607
|p 0481754
|j 1986-1991
|f SE
|
| 852 |
8 |
|
|b SCAN
|h A3:AJ25E0
|i F09599
|p 0481474
|f SE
|
| 852 |
8 |
|
|b SCAN
|h A3:AJ25F0
|i C13607
|p 0481754
|f SE
|
| 852 |
8 |
|
|b SCAN
|h A3:AJ25E0
|i F09599
|p 0481474
|f SE
|
| 852 |
8 |
|
|b SCAN
|h A3:AJ25F0
|i C13607
|p 0481754
|f SE
|
| 866 |
|
0 |
|a 1968-1991
|
| 999 |
f |
f |
|i a9c4ae82-ebe0-50ab-b581-e63786b39d6a
|s 58de3a46-6a20-5b29-8edb-5da705deac7f
|
| 952 |
f |
f |
|p Can circulate
|a CAVAL
|b CAVAL
|c CAVAL
|d CARM 1 Store
|e F06337
|f A3:AE24C0
|h Other scheme
|i book
|k 1968-1978
|m 0516128
|
| 952 |
f |
f |
|p Can circulate
|a CAVAL
|b CAVAL
|c CAVAL
|d CARM 1 Store
|e C13607
|h Other scheme
|i book
|k 1986-1991
|m 0481754
|
| 952 |
f |
f |
|p Can circulate
|a CAVAL
|b CAVAL
|c CAVAL
|d CARM 1 Store
|e F09599
|h Other scheme
|i book
|k 1979-1984
|m 0481474
|
| 952 |
f |
f |
|a CAVAL
|b CAVAL
|c CAVAL
|d Unmapped Location
|e F09599
|f A3:AJ25E0
|h Other scheme
|
| 952 |
f |
f |
|a CAVAL
|b CAVAL
|c CAVAL
|d Unmapped Location
|e C13607
|f A3:AJ25F0
|h Other scheme
|